Statistics for Provinces of Spain and their Capitals

Click here to take the quiz!

General Stats

  • This quiz has been taken 96 times
  • The average score is 74 of 100

Answer Stats

Answers% Correct
Valencia
96%
Barcelona
96%
Madrid
94%
Sevilla
92%
Toledo
90%
Malaga
90%
Murcia
88%
Bilbao
88%
Cordoba
88%
Granada
87%
Cadiz
83%
La Coruña
81%
Zaragoza
81%
Santander
81%
Asturias
81%
Las Palmas
79%
Navarra
79%
Palma
79%
Alicante
79%
Tarragona
77%
Santa Cruz de Tenerife
77%
Badajoz
77%
Balearic Islands
77%
Leon
77%
Valladolid
77%
Almeria
77%
Burgos
75%
Gerona
73%
Salamanca
73%
La Rioja
71%
Castellon
71%
Oviedo
71%
San Sebastian
71%
Castellon de la Plana
71%
Huelva
71%
Caceres
71%
Albacete
71%
Palencia
69%
Cantabria
69%
Lerida
69%
Pamplona
69%
Orense
67%
Jaen
67%
Vizcaya
67%
Vitoria-Gasteiz
67%
Huesca
65%
Pontevedra
65%
Teruel
65%
Ciudad Real
63%
Guadalajara
63%
Avila
63%
Lugo
62%
Cuenca
62%
Soria
62%
Segovia
60%
Guipuzcoa
60%
Alava
58%
Zamora
56%
Logroño
56%

Score Distribution

Percentile by Number Answered

Percent of People with Each Score

Your Score History

You have not taken this quiz